00504 a2200181 450000100060000002000180000604000240002410000270004824000320007524500270010730000070013436200090014144000130015065000310016394200070019495201040020199900170030547076 a9788538541059 cAnchieta - Aquarius aBraz, Júlio Emílio10aUma ratinha apaixonadalpor10aUma ratinha apaixonada a320 a2010 1aPositivo 4aLiteratura infanto-juvenil cBK 00104070a87.1b87.1d2023-11-21l0o028.5 BRA RATp5348/AQUr2023-11-21 15:13:49w2023-11-21yBK c47076d47076